000 01095nam0a22002771 4500
001 v19\rc\1848761
005 20251118180111.7
035 _a(NLR Aleph) 004945550
090 _a5827109
_c5827109
100 _a20080221d1909 u y0rusy50 ca
101 0 _arus
102 _aRU
105 _ay d |||||
200 1 _aПредположенные административные реформы
_eДокл. К.Ф. Головина
_fV Съезд уполномоченных объедин. дворян. о-в
210 _aСанкт-Петербург
_cтип. "Мирный труд"
_d1909
215 _a7 с.
_d36
700 1 _aГоловин
_bК. Ф.
_cписатель
_f1843-1913
_gКонстантин Федорович
_9139755
_3RU\NLR\AUTH\770139790
712 1 2 _aСъезд уполномоченных дворянских обществ
_d5
_f1909
_eПетербург
801 0 _aRU
_bNLR
_gpsbo
801 0 _aRU
_bRuMoRGB
_2psbo
801 1 _aRU
_bProSoft-M
_2rusmarc
852 _aNLR
_j37.54.1.678
899 _aRuMoRGB
_jV 119/1359
899 _aГПИБ
942 _cBOOK
980 _aNB